Countries of the World - Exact Answer-box Match - Statistics

General Stats
  • This quiz has been taken 488 times
    484 since last reset
  • The average score is 139 of 196
Answer Stats
country % Correct
Canada
89%
United States
87%
Australia
86%
Argentina
84%
Austria
83%
Andorra
82%
Sweden
82%
United Kingdom
82%
Bolivia
80%
Brazil
80%
Chile
80%
Iceland
80%
Latvia
80%
Mexico
80%
Russia
80%
Afghanistan
79%
China
79%
France
79%
Paraguay
79%
Albania
78%
Algeria
78%
Finland
78%
Portugal
78%
Spain
78%
Haiti
77%
Lithuania
77%
Uruguay
77%
Belize
76%
Cambodia
76%
Dominica
76%
Egypt
76%
Estonia
76%
Germany
76%
Guatemala
76%
India
76%
Ireland
76%
Luxembourg
76%
Morocco
76%
North Korea
76%
Norway
76%
South Korea
76%
Vietnam
76%
Angola
75%
Armenia
75%
Belgium
75%
Chad
75%
Honduras
75%
Nicaragua
75%
Panama
75%
Peru
75%
Zambia
75%
Zimbabwe
75%
Azerbaijan
74%
Belarus
74%
Bulgaria
74%
Cape Verde
74%
Costa Rica
74%
Cuba
74%
Guinea
74%
Hungary
74%
Iraq
74%
New Zealand
74%
Pakistan
74%
Romania
74%
Sudan
74%
Switzerland
74%
Turkmenistan
74%
Denmark
73%
Ethiopia
73%
Iran
73%
Italy
73%
Japan
73%
Laos
73%
Lesotho
73%
Malta
73%
Swaziland
73%
Ukraine
73%
Vatican City
73%
Venezuela
73%
Barbados
72%
Bhutan
72%
Cameroon
72%
Dominican Republic
72%
El Salvador
72%
Fiji
72%
Indonesia
72%
Israel
72%
Kosovo
72%
Madagascar
72%
Mali
72%
Monaco
72%
Nepal
72%
Netherlands
72%
Oman
72%
Poland
72%
Serbia
72%
Singapore
72%
Slovakia
72%
Slovenia
72%
South Africa
72%
South Sudan
72%
Uganda
72%
Yemen
72%
Colombia
71%
Djibouti
71%
Gambia
71%
Jordan
71%
San Marino
71%
Somalia
71%
Suriname
71%
Thailand
71%
Togo
71%
Bahamas
70%
Bangladesh
70%
Czech Republic
70%
Eritrea
70%
Greece
70%
Guyana
70%
Kuwait
70%
Libya
70%
Mongolia
70%
Montenegro
70%
Tanzania
70%
Bahrain
69%
Benin
69%
Burundi
69%
Comoros
69%
Ecuador
69%
Gabon
69%
Kenya
69%
Maldives
69%
North Macedonia
69%
Rwanda
69%
Senegal
69%
Uzbekistan
69%
Brunei
68%
Guinea-Bissau
68%
Lebanon
68%
Moldova
68%
Qatar
68%
Sri Lanka
68%
Tajikistan
68%
Tunisia
68%
Ghana
67%
Jamaica
67%
Mauritania
67%
Nauru
67%
Niger
67%
Palau
67%
Samoa
67%
Syria
67%
Tonga
67%
Trinidad and Tobago
67%
Turkey
67%
Croatia
66%
Cyprus
66%
East Timor
66%
Liberia
66%
Mozambique
66%
Nigeria
66%
Tuvalu
66%
Botswana
65%
Burma
65%
Georgia
65%
Grenada
65%
Kazakhstan
65%
Malawi
65%
Malaysia
65%
Mauritius
65%
Namibia
65%
Saudi Arabia
65%
Seychelles
65%
Solomon Islands
65%
Taiwan
65%
Vanuatu
65%
Kyrgyzstan
64%
United Arab Emirates
64%
Kiribati
63%
Marshall Islands
63%
Antigua and Barbuda
62%
Burkina Faso
62%
Central African Republic
62%
Sierra Leone
62%
Philippines
60%
Liechtenstein
58%
Saint Lucia
58%
Equatorial Guinea
57%
Papua New Guinea
57%
Bosnia and Herzegovina
54%
São Tomé and Príncipe
54%
Democratic Republic of the Congo
51%
Saint Kitts and Nevis
51%
Federated States of Micronesia
49%
Côte d'Ivoire
47%
Saint Vincent and the Grenadines
46%
Republic of the Congo
43%
No matching quizzes found
Score Distribution
Percent of People with Each Score
Percentile by Number Answered
Your Score History
You have not taken this quiz since the last reset